00544nam a22001697a 450000500170000001000150001702000270003203500140005903700130007308200140008610000120010024500760011226000350018827000810022330000350030450000350033920180801162830.0 aENG-123665 a9789386906267c4000.00 aEN-107197 bDBAD/PUB a759.95442 aDaljeet aRajasthani miniatures :cby Daljeetbthe magic of strokes and colours / aNew Delhi bNiyogi Booksc2018 aBlock D, Building No. 77, Okhla Industrial Area, Phase-IbNew Delhi e110020 a392p. c27cm (Hb)bill.picture aIt includes glossary and index